[Event "BL 8182 FH Hamburg-Frankfurt"]
[Site "?"]
[Date "1982.??.??"]
[Round "?.7"]
[White "Fahnenschmidt, G."]
[Black "Heinicke, H."]
[Result "1-0"]
[WhiteElo "2325"]
[BlackElo "2365"]
[PlyCount "53"]
[EventDate "1982.??.??"]

1. d4 Nf6 2. c4 d6 3. Nc3 e5 4. Nf3 Nc6 5. d5 Ne7 6. g3 g6 7. Bg2 Bg7 8. O-O
O-O 9. e4 c6 10. h3 cxd5 11. cxd5 Ne8 12. Ne1 f5 13. Nd3 fxe4 14. Nxe4 Nf5 15.
g4 Nd4 16. Be3 Bd7 17. f4 Bb5 18. Bxd4 exd4 19. Ng5 Qb6 20. Ne6 Rf7 21. Rf2 Bf6
22. g5 Bg7 23. Be4 Nc7 24. f5 gxf5 25. Bxf5 Be8 26. Bxh7+ Kxh7 27. Qh5+ 1-0

[Event "BL 8182 Delmenhorst-Kettig"]
[Site "?"]
[Date "1982.??.??"]
[Round "?.1"]
[White "Weidemann, J."]
[Black "Juhnke, K."]
[Result "1-0"]
[WhiteElo "2285"]
[BlackElo "2320"]
[PlyCount "51"]
[EventDate "1982.??.??"]

1. e4 c5 2. c3 Nf6 3. e5 Nd5 4. d4 cxd4 5. cxd4 d6 6. Bc4 Nb6 7. Bb3 dxe5 8.
Qh5 e6 9. dxe5 Nc6 10. Nc3 g6 11. Qg5 Qxg5 12. Bxg5 Bg7 13. f4 h6 14. Bf6 Bxf6
15. exf6 e5 16. Nge2 O-O 17. O-O Re8 18. Nb5 Bg4 19. Ng3 Rad8 20. Nc7 Rf8 21.
Rae1 exf4 22. Rxf4 Bc8 23. Rh4 h5 24. Nxh5 gxh5 25. Rxh5 Rd6 26. Re3 1-0

[Event "BL 8182 Delmenhorst-Kettig"]
[Site "?"]
[Date "1982.??.??"]
[Round "?.2"]
[White "Hermann, Man"]
[Black "Marian, R."]
[Result "0-1"]
[WhiteElo "2380"]
[BlackElo "2250"]
[PlyCount "148"]
[EventDate "1982.??.??"]

1. e4 c5 2. c3 d5 3. exd5 Qxd5 4. d4 e6 5. Nf3 Nf6 6. Be2 Nc6 7. O-O cxd4 8.
cxd4 Be7 9. Nc3 Qd6 10. Bg5 Nd5 11. Ne4 Qd8 12. Bxe7 Ndxe7 13. Qd3 h6 14. Rad1
O-O 15. Ne5 Qa5 16. Nc4 Qc7 17. Ned6 a6 18. a4 Rd8 19. Qg3 b5 20. axb5 axb5 21.
Nxb5 Qxg3 22. hxg3 Rb8 23. Ncd6 Ba6 24. Rd2 Nc8 25. Nxc8 Bxb5 26. Bxb5 Rxb5 27.
Rc1 Rxc8 28. Rdc2 Rb6 29. b4 Rxb4 30. Rxc6 Rxc6 31. Rxc6 Rxd4 32. Rc7 Rd1+ 33.
Kh2 h5 34. f3 g6 35. Rc4 g5 36. Rc5 Rd5 37. Rc2 Kg7 38. Kg1 Kg6 39. Kf2 Rd3 40.
Ra2 e5 41. Rb2 f6 42. Ra2 Kf5 43. Rb2 Ra3 44. Rc2 Ra6 45. Rb2 Ke6 46. Ke3 f5
47. Kf2 Rc6 48. Rb8 Rc2+ 49. Kg1 e4 50. Rh8 g4 51. fxe4 fxe4 52. Rxh5 e3 53.
Kf1 Rf2+ 54. Ke1 Rxg2 55. Ra5 Rxg3 56. Ke2 Kf6 57. Rb5 Rh3 58. Ra5 Kg6 59. Rb5
Rh5 60. Rb6+ Kg5 61. Kxe3 Rh2 62. Rb8 Kh4 63. Rg8 Kg3 64. Rg7 Ra2 65. Rg8 Kh3
66. Kf4 Rf2+ 67. Ke3 g3 68. Rg7 Kg2 69. Ra7 Rf8 70. Ra2+ Kh1 71. Ra7 g2 72.
Rh7+ Kg1 73. Ra7 Rh8 74. Kf3 Kh1 0-1

[Event "BL 8182 Delmenhorst-Kettig"]
[Site "?"]
[Date "1982.??.??"]
[Round "?.7"]
[White "Busch, R."]
[Black "Hickl, T."]
[Result "1-0"]
[WhiteElo "2255"]
[BlackElo "2235"]
[PlyCount "77"]
[EventDate "1982.??.??"]

1. d4 Nf6 2. c4 e6 3. Nc3 Bb4 4. e3 O-O 5. Bd3 c5 6. a3 Bxc3+ 7. bxc3 d6 8. e4
Nc6 9. Ne2 e5 10. O-O Nh5 11. Be3 Qe7 12. Qd2 Na5 13. Rae1 Be6 14. d5 Bd7 15.
f3 g6 16. Bh6 Ng7 17. f4 f5 18. Ng3 Rf7 19. Bxg7 Kxg7 20. fxe5 dxe5 21. exf5
gxf5 22. Bxf5 Nxc4 23. Qe2 b5 24. d6 Qg5 25. Ne4 Qe3+ 26. Qxe3 Nxe3 27. Bxd7
Nxf1 28. Be6 Rf4 29. Rxf1 Rxe4 30. Bd5 Rd8 31. Bxe4 Rxd6 32. Rb1 Rb6 33. Bd5
Kf6 34. Rf1+ Kg6 35. Rb1 a5 36. Kf2 Rd6 37. Be4+ Kg5 38. Rxb5 Kf4 39. Bf3 1-0

[Event "BL 8182 Bayern-Düsseldorf"]
[Site "?"]
[Date "1982.??.??"]
[Round "?.1"]
[White "Backwinkel, P."]
[Black "Westermeier, A."]
[Result "1-0"]
[WhiteElo "2275"]
[BlackElo "2320"]
[PlyCount "120"]
[EventDate "1982.??.??"]

1. Nf3 Nf6 2. g3 e6 3. Bg2 d5 4. O-O Be7 5. d3 c5 6. c3 b6 7. a3 Bb7 8. b4 O-O
9. Nbd2 Nbd7 10. Re1 Qc7 11. Bb2 Rad8 12. b5 a6 13. a4 Rfe8 14. Qc2 Bf8 15. e3
e5 16. c4 d4 17. e4 a5 18. Rf1 g6 19. Rae1 Bh6 20. Bc1 Nf8 21. Nh4 Bc8 22. h3
Ne6 23. Ndf3 Bxc1 24. Qxc1 Nh5 25. Kh2 f6 26. Ng1 Kh8 27. Bf3 Nhg7 28. Bg4 g5
29. Nf5 Nxf5 30. Bxf5 Rg8 31. Ne2 Rg7 32. Qd1 Rdg8 33. Nc1 Qf7 34. Bg4 Qe7 35.
Rh1 Rg6 36. Bf5 Rh6 37. Qg4 Rg7 38. Nb3 Kg8 39. Nd2 Kf8 40. Reg1 Ke8 41. Rg2
Kd8 42. Kg1 Kc7 43. Rgh2 Kd6 44. Qd1 Bd7 45. h4 gxh4 46. Rxh4 Rxh4 47. Rxh4 Qf7
48. Nf3 Qg8 49. Kh1 Qf7 50. Qf1 Qg8 51. Rh6 Rf7 52. Qh3 Nf8 53. Qh5 Bxf5 54.
exf5 Nd7 55. Ng5 Rg7 56. Ne4+ Ke7 57. Qh4 Rf7 58. g4 Qh8 59. g5 Kd8 60. g6 Re7
1-0

[Event "BL 8182 Bayern-Düsseldorf"]
[Site "?"]
[Date "1982.??.??"]
[Round "?.2"]
[White "Saacke, B."]
[Black "Vetter, H."]
[Result "1-0"]
[WhiteElo "2395"]
[BlackElo "2250"]
[PlyCount "57"]
[EventDate "1982.??.??"]

1. d4 Nf6 2. Nf3 e6 3. e3 b6 4. Bd3 Bb7 5. O-O Be7 6. b3 c5 7. Bb2 cxd4 8. exd4
O-O 9. Nbd2 Nc6 10. a3 Rc8 11. Re1 Qc7 12. c4 d5 13. Rc1 dxc4 14. bxc4 Rfd8 15.
Qe2 Qf4 16. Rc2 Bf8 17. Ne4 Nxe4 18. Bxe4 Na5 19. d5 exd5 20. cxd5 f5 21. Rxc8
Rxc8 22. Bd3 Bxd5 23. Nd4 Nb3 24. Nxf5 Nc1 25. Ne7+ Bxe7 26. Qxe7 Qg4 27. Bf1
Nd3 28. h3 Qg6 29. Qd7 1-0

[Event "BL 8182 Bayern-Düsseldorf"]
[Site "?"]
[Date "1982.??.??"]
[Round "?.4"]
[White "Kindermann, S."]
[Black "Schiffer, K."]
[Result "1/2-1/2"]
[WhiteElo "2425"]
[BlackElo "2365"]
[PlyCount "105"]
[EventDate "1982.??.??"]

1. e4 c5 2. Nf3 a6 3. c3 d6 4. d4 Nd7 5. Bd3 e6 6. O-O b6 7. Qe2 Bb7 8. Bf4
Ngf6 9. h3 Be7 10. Nbd2 cxd4 11. cxd4 O-O 12. Rac1 b5 13. Nb3 b4 14. Rc2 a5 15.
Rfc1 a4 16. Nbd2 Qb8 17. Nc4 Rc8 18. e5 dxe5 19. Nfxe5 Nxe5 20. dxe5 Nd5 21.
Qe4 g6 22. Nd6 Rd8 23. Bg3 Bg5 24. Qg4 Bxc1 25. Rxc1 Rd7 26. Ne4 Rc7 27. Re1
Qf8 28. Qg5 Rac8 29. h4 a3 30. bxa3 bxa3 31. h5 Qd8 32. Nf6+ Nxf6 33. exf6 Qd5
34. Qxd5 Bxd5 35. Bxc7 Rxc7 36. Be4 h6 37. Bxd5 exd5 38. Re3 Rc1+ 39. Kh2 Rc2
40. Rxa3 Rxf2 41. hxg6 fxg6 42. Ra6 Kf7 43. Rd6 Rxa2 44. Rxd5 Kxf6 45. Rd6+ Kf5
46. Rd5+ Kf6 47. Rd6+ Kf5 48. Rd3 h5 49. Rf3+ Kg5 50. Rg3+ Kf6 51. Rc3 h4 52.
Kh3 g5 53. g3 1/2-1/2

[Event "BL 8182 Bayern-Düsseldorf"]
[Site "?"]
[Date "1982.??.??"]
[Round "?.5"]
[White "Schlaugat, M."]
[Black "Bischoff, K."]
[Result "0-1"]
[WhiteElo "2250"]
[BlackElo "2365"]
[PlyCount "52"]
[EventDate "1982.??.??"]

1. d4 g6 2. Nf3 Bg7 3. c3 d6 4. Bg5 Nf6 5. e3 Nbd7 6. Bc4 e5 7. dxe5 dxe5 8.
Nbd2 Qe7 9. e4 Nc5 10. Qc2 O-O 11. h3 Ne6 12. Be3 Nf4 13. Bf1 b6 14. g3 Bb7 15.
O-O-O Ne6 16. Bg2 Nc5 17. Ne1 Rfd8 18. f3 Nh5 19. Bf2 Bh6 20. Kb1 Rd7 21. Nf1
Rxd1+ 22. Qxd1 Rd8 23. Qc2 Ba6 24. Be3 Nd3 25. Qe2 Nb4 26. c4 Bxc4 0-1

[Event "BL 8182 Bamberg-Porz"]
[Site "?"]
[Date "1982.??.??"]
[Round "?.1"]
[White "Hort, V."]
[Black "Hartmann, Wo"]
[Result "1-0"]
[WhiteElo "2595"]
[BlackElo "2275"]
[PlyCount "75"]
[EventDate "1982.??.??"]

1. d3 c5 2. e4 g6 3. Be3 Bg7 4. c3 d6 5. Nd2 Nc6 6. f4 e5 7. fxe5 Nxe5 8. Ngf3
b6 9. d4 Ng4 10. Bg5 Bf6 11. Bf4 g5 12. Bg3 Ne3 13. Qa4+ Bd7 14. Bb5 g4 15. Kf2
gxf3 16. gxf3 cxd4 17. cxd4 Bg5 18. f4 Ng4+ 19. Kf3 Bf6 20. Bxd7+ Qxd7 21.
Qxd7+ Kxd7 22. Kxg4 Bxd4 23. Nc4 h5+ 24. Kf3 h4 25. Be1 Ne7 26. Rd1 Nc6 27. Bf2
Bxf2 28. Kxf2 Rh6 29. e5 Ke7 30. Nxd6 Rh5 31. Rhg1 Rah8 32. Kf3 f6 33. Rg7+ Ke6
34. Ne4 Nxe5+ 35. fxe5 Kxe5 36. Re7+ Kf5 37. Nd6+ Kg6 38. Rg1+ 1-0

[Event "BL 8182 Bamberg-Porz"]
[Site "?"]
[Date "1982.??.??"]
[Round "?.2"]
[White "Kestler, H."]
[Black "Miles, A."]
[Result "0-1"]
[WhiteElo "2405"]
[BlackElo "2565"]
[PlyCount "84"]
[EventDate "1982.??.??"]

1. c4 b6 2. Nf3 Bb7 3. d4 e6 4. a3 f5 5. Nc3 Nf6 6. d5 Bc5 7. dxe6 O-O 8. b4
Be7 9. e3 a5 10. b5 Ne4 11. Nxe4 fxe4 12. Nd4 Bd6 13. Be2 Qf6 14. O-O dxe6 15.
Bg4 Re8 16. Bb2 Nd7 17. Qe2 Ne5 18. f4 Nd3 19. Bc3 Rad8 20. f5 e5 21. Ne6 Rd7
22. Bh5 Rc8 23. g4 Qh4 24. g5 c6 25. bxc6 Bxc6 26. f6 g6 27. Bg4 Rf7 28. Be1
Nxe1 29. Raxe1 Ba4 30. Rb1 Bc2 31. Qg2 Bxb1 32. Rxb1 h5 33. Bh3 Bxa3 34. Qg3
Qxg3+ 35. hxg3 Kh7 36. Rxb6 Rxc4 37. Rb5 Rc1+ 38. Kf2 Rc2+ 39. Ke1 Rh2 40. Bf1
Bb4+ 41. Kd1 Rd7+ 42. Kc1 Ba3+ 0-1

[Event "BL 8182 Bamberg-Porz"]
[Site "?"]
[Date "1982.??.??"]
[Round "?.3"]
[White "Reefschlaeger, H."]
[Black "Ruehrig, V."]
[Result "1-0"]
[WhiteElo "2410"]
[BlackElo "2300"]
[PlyCount "27"]
[EventDate "1982.??.??"]

1. d4 d5 2. c4 c6 3. Nf3 Nf6 4. cxd5 cxd5 5. Nc3 Bf5 6. Bf4 e6 7. e3 Be7 8. Qb3
Qb6 9. Qxb6 axb6 10. Bb5+ Nbd7 11. Ne5 h6 12. g4 g5 13. Nxd7 Nxd7 14. Be5 1-0

[Event "BL 8182 Düsseldorf-Bamberg"]
[Site "?"]
[Date "1982.??.??"]
[Round "?.1"]
[White "Hartmann, Wo"]
[Black "Backwinkel, P."]
[Result "0-1"]
[WhiteElo "2275"]
[BlackElo "2275"]
[PlyCount "100"]
[EventDate "1982.??.??"]

1. e4 c6 2. d4 d5 3. Nc3 dxe4 4. Nxe4 Nf6 5. Nxf6+ exf6 6. Bc4 Nd7 7. Ne2 Bd6
8. Bf4 Nb6 9. Bb3 Bg4 10. f3 Be6 11. Bxd6 Qxd6 12. Qd3 O-O 13. O-O-O Bxb3 14.
Qxb3 Rfe8 15. Ng3 Nd5 16. Kb1 Qf4 17. Ne4 f5 18. g3 Qb8 19. Nc5 b6 20. Nd7 Qd6
21. Ne5 f6 22. Nd3 Kh8 23. Rde1 f4 24. c4 Ne3 25. Nxf4 Qxd4 26. Re2 Nxc4 27.
Rd1 Qc5 28. Ne6 Qf5+ 29. Qc2 Qxc2+ 30. Kxc2 Re7 31. f4 c5 32. b3 Na5 33. g4 Kg8
34. Kc3 Nc6 35. Kc4 Rae8 36. Rd6 Nd8 37. f5 Nf7 38. Rd1 Ne5+ 39. Rxe5 fxe5 40.
Re1 Rd7 41. Re2 Rd1 42. h3 e4 43. Kb5 Rd4 44. Re3 Kf7 45. Ka6 Re7 46. Ng5+ Kf6
47. Nxh7+ Ke5 48. Nf8 Kd5 49. Ng6 Re8 50. Kxa7 Kc6 0-1

[Event "BL 8182 Düsseldorf-Bamberg"]
[Site "?"]
[Date "1982.??.??"]
[Round "?.4"]
[White "Schiffer, K."]
[Black "Treppner, G."]
[Result "0-1"]
[WhiteElo "2365"]
[BlackElo "2255"]
[PlyCount "72"]
[EventDate "1982.??.??"]

1. d4 Nf6 2. c4 d6 3. Nc3 e5 4. Nf3 e4 5. Nd2 Bf5 6. e3 c6 7. b4 d5 8. Qb3 Be7
9. a4 O-O 10. Ba3 a5 11. b5 c5 12. dxc5 d4 13. Nd5 Nxd5 14. cxd5 dxe3 15. fxe3
Nd7 16. Rc1 Ne5 17. Be2 Bh4+ 18. g3 Nd3+ 19. Bxd3 exd3 20. O-O Qg5 21. Rxf5
Qxf5 22. gxh4 Rfe8 23. Rf1 Qg6+ 24. Kh1 Rxe3 25. Rg1 Qf5 26. Qc4 Rae8 27. Qd4
f6 28. d6 R8e4 29. Rf1 Re1 30. Qg1 Qd5 31. Qg2 R1e2 32. Qf3 Rxd2 33. d7 Rde2
34. c6 bxc6 35. bxc6 d2 36. Qb3 Rc4+ 0-1

[Event "BL 8182 Porz-Bayern"]
[Site "?"]
[Date "1982.??.??"]
[Round "?.1"]
[White "Westermeier, A."]
[Black "Hort, V."]
[Result "0-1"]
[WhiteElo "2320"]
[BlackElo "2595"]
[PlyCount "72"]
[EventDate "1982.??.??"]

1. e4 c5 2. Nf3 Nc6 3. d4 cxd4 4. Nxd4 Nf6 5. Nc3 d6 6. f4 e5 7. Nf3 Be7 8. Bc4
Be6 9. Bb3 O-O 10. O-O h6 11. Kh1 Re8 12. Bxe6 fxe6 13. Qd3 Rc8 14. Be3 Ng4 15.
a3 Bf6 16. Rad1 Nxe3 17. Qxe3 exf4 18. Qxf4 Qb6 19. e5 Bxe5 20. Nxe5 Nxe5 21.
Qg3 Rf8 22. h3 Rxf1+ 23. Rxf1 Rf8 24. Rxf8+ Kxf8 25. Qf4+ Ke7 26. Qh4+ Kd7 27.
Qa4+ Nc6 28. Qg4 Qxb2 29. Qxg7+ Ne7 30. Qd4 Qxa3 31. Ne4 Nf5 32. Nf6+ Kd8 33.
Qd1 Ke7 34. Ng4 h5 35. Nf2 Qg3 36. Ne4 Qxg2+ 0-1

[Event "BL 8182 Porz-Bayern"]
[Site "?"]
[Date "1982.??.??"]
[Round "?.5"]
[White "Bischoff, K."]
[Black "Ostermeyer, P."]
[Result "1/2-1/2"]
[WhiteElo "2365"]
[BlackElo "2415"]
[PlyCount "122"]
[EventDate "1982.??.??"]

1. g3 e5 2. Bg2 f5 3. c4 Nc6 4. Nc3 d6 5. d3 g6 6. e3 Bg7 7. Nge2 Nf6 8. Rb1
O-O 9. b4 a6 10. a4 Kh8 11. O-O g5 12. b5 axb5 13. axb5 Ne7 14. f4 gxf4 15.
exf4 Ng6 16. Nd5 Nxd5 17. Bxd5 Ne7 18. Bg2 Ng8 19. Bb2 Re8 20. Ra1 Rxa1 21.
Qxa1 Qe7 22. Nc3 Nf6 23. Re1 h5 24. Nd5 Nxd5 25. Bxd5 Kh7 26. Qd1 Kg6 27. Bf3
Rh8 28. Qe2 h4 29. fxe5 hxg3 30. hxg3 dxe5 31. Bxe5 Bxe5 32. Qxe5 Qxe5 33. Rxe5
Rd8 34. Be2 b6 35. Re7 Bd7 36. Kf2 Kf6 37. Rh7 Kg6 38. Rh1 Ra8 39. Bf3 Ra3 40.
Ke3 Ra2 41. Rh8 Kf6 42. Rh7 Ke6 43. Kd4 Rf2 44. Ke3 Rf1 45. Bc6 Bxc6 46. Rh6+
Kd7 47. bxc6+ Ke7 48. Kd4 Rf3 49. Rg6 Kf7 50. Rd6 Rxg3 51. Rd7+ Ke6 52. Rxc7
Kd6 53. Rf7 Kxc6 54. Rf6+ Kc7 55. Rxf5 Rh3 56. Rd5 Rh4+ 57. Kc3 Kc6 58. Kb4 Rh3
59. d4 Rd3 60. Rd8 Kc7 61. Rd5 Kc6 1/2-1/2

[Event "BL 8182 Porz-Bayern"]
[Site "?"]
[Date "1982.??.??"]
[Round "?.6"]
[White "Gerusel, M."]
[Black "Schubert, C."]
[Result "1-0"]
[WhiteElo "2380"]
[BlackElo "2270"]
[PlyCount "89"]
[EventDate "1982.??.??"]

1. d4 Nf6 2. c4 g6 3. Nc3 Bg7 4. e4 d6 5. h3 O-O 6. Be3 e5 7. d5 c6 8. Bd3 cxd5
9. cxd5 Nh5 10. Nge2 f5 11. exf5 Bxf5 12. g3 Nd7 13. Ne4 Ndf6 14. N2c3 Rc8 15.
Qd2 Nxe4 16. Nxe4 Nf4 17. g4 Ng2+ 18. Kf1 Nxe3+ 19. Qxe3 Bxe4 20. Bxe4 Rc4 21.
Kg2 Qh4 22. f3 Bh6 23. Qe1 Qd8 24. h4 Bf4 25. b3 Rd4 26. Rd1 Qb6 27. Qc3 Rxd1
28. Rxd1 Qd8 29. Rh1 Rf7 30. h5 g5 31. Bf5 Rc7 32. Qd3 Kh8 33. Re1 Qf8 34. Re2
Qe7 35. Rc2 Bc1 36. Be6 Ba3 37. Rxc7 Qxc7 38. Qf5 Qe7 39. h6 Bc5 40. Bf7 Bb6
41. Qc8+ Bd8 42. Be6 Qc7 43. Qa8 Qc2+ 44. Kg3 Qc7 45. Qxa7 {ZÜ} 1-0

[Event "BL 8182 Zähringen-Erlangen"]
[Site "?"]
[Date "1982.??.??"]
[Round "?.1"]
[White "Heidrich, M."]
[Black "Siegel, G."]
[Result "1/2-1/2"]
[WhiteElo "2225"]
[BlackElo "2300"]
[PlyCount "117"]
[EventDate "1982.??.??"]

1. e4 Nf6 2. e5 Nd5 3. d4 d6 4. c4 Nb6 5. f4 dxe5 6. fxe5 Nc6 7. Be3 Bf5 8. Nc3
e6 9. Nf3 Qd7 10. Be2 O-O-O 11. O-O f6 12. exf6 gxf6 13. d5 Qg7 14. Kh1 Rg8 15.
Rf2 exd5 16. cxd5 Be6 17. Nd4 Nxd4 18. Bxd4 Bxd5 19. Nxd5 Rxd5 20. Bxf6 Qd7 21.
Qf1 Bc5 22. Rf3 Bd6 23. Bd3 Kb8 24. Bf5 Qf7 25. Bc3 Qh5 26. Bh3 Rdg5 27. Rf5
Nd5 28. Bd2 Rxg2 29. Qxg2 Rxg2 30. Rxh5 Rxh2+ 31. Kg1 Rxd2 32. Rg5 a5 33. Rg2
Rxg2+ 34. Bxg2 Nf4 35. Re1 Ka7 36. Be4 h5 37. Kf2 h4 38. Kf3 Nh5 39. Kg4 Bg3
40. Rf1 Ng7 41. Rf3 Ne8 42. Rb3 Nd6 43. Bf3 c5 44. Rd3 Nc4 45. Rc3 b5 46. b3
Ne5+ 47. Kh3 Kb6 48. Re3 c4 49. bxc4 bxc4 50. Be2 Kc5 51. Ra3 Kb4 52. Re3 c3
53. Bd1 Nc6 54. Re4+ Kc5 55. Re8 Kd4 56. Ra8 Kc5 57. Ba4 Kb4 58. Bxc6 c2 59.
a3+ 1/2-1/2

[Event "BL 8182 Zähringen-Erlangen"]
[Site "?"]
[Date "1982.??.??"]
[Round "?.2"]
[White "Herbrechtsmeier, C."]
[Black "Roeder, F."]
[Result "1/2-1/2"]
[WhiteElo "2330"]
[BlackElo "2275"]
[PlyCount "65"]
[EventDate "1982.??.??"]

1. e4 c5 2. Nf3 Nc6 3. d4 cxd4 4. Nxd4 Nf6 5. Nc3 e5 6. Ndb5 d6 7. Bg5 a6 8.
Na3 Be7 9. Nc4 O-O 10. Bxf6 Bxf6 11. Qxd6 Qxd6 12. Nxd6 Be6 13. Nc4 Bg5 14. Nb6
Rad8 15. Ncd5 Nb4 16. Bd3 Bxd5 17. Nxd5 Nxd5 18. exd5 Rxd5 19. O-O Rfd8 20. g3
Kf8 21. a4 g6 22. f4 exf4 23. gxf4 Bf6 24. Rab1 Rd4 25. b3 Rb4 26. Rf3 Bd4+ 27.
Kg2 f5 28. Re1 Bc5 29. h4 Rbd4 30. h5 Bd6 31. hxg6 hxg6 32. Rg3 Rxf4 33. Rxg6
1/2-1/2

[Event "BL 8182 Zähringen-Erlangen"]
[Site "?"]
[Date "1982.??.??"]
[Round "?.3"]
[White "Stoll, J."]
[Black "Vatter, H."]
[Result "0-1"]
[WhiteElo "2225"]
[BlackElo "2230"]
[PlyCount "80"]
[EventDate "1982.??.??"]

1. d4 d5 2. Nf3 Nf6 3. c4 dxc4 4. Nc3 e6 5. e3 c5 6. Bxc4 cxd4 7. Qxd4 Qxd4 8.
Nxd4 a6 9. O-O Bc5 10. Nb3 Ba7 11. Be2 Bd7 12. Na5 Bc6 13. b3 Bc5 14. Bb2 Bb4
15. Nxc6 Nxc6 16. Rac1 O-O 17. Rfd1 Rfd8 18. Bf3 Bxc3 19. Bxc3 Nd5 20. Ba1 f6
21. Kf1 Kf7 22. Ke2 Rac8 23. Be4 g6 24. Bb2 Rc7 25. Rd2 Rcd7 26. Rcd1 Na7 27.
Ke1 Nc6 28. g3 Nce7 29. Bb1 e5 30. a3 Ke8 31. b4 Nb6 32. Ba2 Rxd2 33. Rxd2 Rc8
34. f4 exf4 35. exf4 f5 36. Re2 Kf8 37. Bd4 Na4 38. Bb3 Nc3 39. Re5 Ne4 40. Kd1
Rd8 0-1

[Event "BL 8182 Markth'feld-Zähringen"]
[Site "?"]
[Date "1982.??.??"]
[Round "?.2"]
[White "Riefner, E."]
[Black "Herbrechtsmeier, C."]
[Result "1/2-1/2"]
[WhiteElo "2245"]
[BlackElo "2330"]
[PlyCount "64"]
[EventDate "1982.??.??"]

1. e4 e5 2. Nf3 Nc6 3. Bb5 a6 4. Ba4 Nf6 5. O-O Be7 6. Re1 b5 7. Bb3 O-O 8. d4
d6 9. dxe5 Nxe5 10. Nxe5 dxe5 11. c3 Qxd1 12. Bxd1 Bb7 13. Bc2 Rfd8 14. Nd2 Nd7
15. Nb3 Nc5 16. Na5 Bxe4 17. Bxe4 Nxe4 18. Nc6 Bc5 19. Be3 Re8 20. Bxc5 Nxc5
21. Nxe5 f6 22. Nc6 Nd3 23. Red1 Nxb2 24. Rd7 Kf8 25. Kf1 Nc4 26. Rad1 Nb6 27.
Rxc7 Rac8 28. Rxc8 Rxc8 29. Rd6 Na4 30. Na7 Rxc3 31. Rxa6 Rc1+ 32. Ke2 Rc2+
1/2-1/2

[Event "BL 8182 Markth'feld-Zähringen"]
[Site "?"]
[Date "1982.??.??"]
[Round "?.3"]
[White "Vatter, H."]
[Black "Meinberger, L."]
[Result "1-0"]
[WhiteElo "2230"]
[BlackElo "2240"]
[PlyCount "64"]
[EventDate "1982.??.??"]

1. e4 c5 2. c3 Nf6 3. e5 Nd5 4. d4 cxd4 5. cxd4 e6 6. a3 b6 7. Nf3 Bb7 8. Bd3
Be7 9. O-O O-O 10. Qe2 d6 11. Qe4 g6 12. Bh6 Re8 13. Qg4 dxe5 14. Bb5 Bc6 15.
Bxc6 f5 16. Bxd5 fxg4 17. Bxe6+ Kh8 18. Nxe5 Rf8 19. Bxf8 Qxf8 20. Bd5 Na6 21.
Bxa8 Qxa8 22. Nc3 Bf6 23. Rad1 Qc8 24. Rfe1 Qf5 25. Nd5 Bg5 26. Ne3 Bxe3 27.
Rxe3 Nc7 28. Nd3 Ne6 29. Re5 Qf6 30. d5 Nc7 31. Rde1 h5 32. Rc1 Qd8 {ZÜ?} 1-0

[Event "BL 8182 Markth'feld-Zähringen"]
[Site "?"]
[Date "1982.??.??"]
[Round "?.5"]
[White "Raupp, T."]
[Black "Jahr, U."]
[Result "1-0"]
[WhiteElo "2230"]
[BlackElo "2215"]
[PlyCount "83"]
[EventDate "1982.??.??"]

1. c4 f5 2. d4 Nf6 3. g3 g6 4. Bg2 Bg7 5. Nh3 O-O 6. Nc3 d6 7. d5 c5 8. Nf4 Na6
9. O-O Nc7 10. Rb1 Rb8 11. a4 a6 12. b4 Nd7 13. Bd2 Ne5 14. Qb3 cxb4 15. Qxb4
a5 16. Qb3 Na6 17. Nd3 Bd7 18. Nb5 b6 19. Rfc1 Qe8 20. Qa2 Qf7 21. h3 Kh8 22.
f4 Nxd3 23. exd3 Nc5 24. Qa3 h5 25. h4 Kh7 26. Be3 Rfc8 27. Na7 Re8 28. Nc6
Bxc6 29. dxc6 e5 30. fxe5 dxe5 31. Bxc5 bxc5 32. Qxc5 e4 33. dxe4 fxe4 34. Rxb8
Rxb8 35. Bxe4 Qc7 36. Qxh5+ Kg8 37. Bd5+ Kf8 38. Rf1+ Ke8 39. Qxg6+ Kd8 40.
Qg5+ Ke8 41. Re1+ Kf8 42. Qf5+ 1-0

[Event "BL 8182 Markth'feld-Zähringen"]
[Site "?"]
[Date "1982.??.??"]
[Round "?.6"]
[White "Oechslein, R."]
[Black "Bassler, M."]
[Result "0-1"]
[WhiteElo "2205"]
[BlackElo "2235"]
[PlyCount "128"]
[EventDate "1982.??.??"]

1. e4 c5 2. Nf3 e6 3. d4 cxd4 4. Nxd4 Nf6 5. Bd3 a6 6. O-O Qc7 7. c4 d6 8. Nc3
b6 9. Be3 Bb7 10. Rc1 Nbd7 11. f3 Rc8 12. b3 Be7 13. Qd2 O-O 14. Rfd1 Rfe8 15.
Qf2 Qb8 16. Bf1 Bf8 17. Nde2 Ba8 18. Nf4 Bc6 19. Nd3 Nc5 20. Nxc5 bxc5 21. Rd3
Nd7 22. Bf4 Ne5 23. Rd2 Be7 24. Rcd1 Qb4 25. Ne2 a5 26. Nc1 f6 27. Nd3 Qb7 28.
Rb2 a4 29. Qc2 Ra8 30. Bd2 Qa7 31. Kh1 Reb8 32. Be3 Qa6 33. Qc3 axb3 34. axb3
Qa3 35. Kg1 Rb7 36. Rdb1 Rab8 37. Bd2 Qa7 38. Be3 Qa6 39. Qc2 Ra7 40. Nxe5 dxe5
41. Qf2 Rc7 42. Bxc5 Bxe4 43. Bxe7 Bxb1 44. c5 Bd3 45. Bd6 Rbc8 46. Bxc7 Rxc7
47. b4 Qa1 48. Rd2 Bb5 49. g3 Rb7 50. Ra2 Qxf1+ 51. Qxf1 Bxf1 52. Kxf1 Rxb4 53.
Ra8+ Kf7 54. Ra7+ Kg6 55. c6 Rc4 56. c7 f5 57. Ke2 Kf6 58. Kd3 Rc6 59. Rb7 h5
60. Ke3 g5 61. h3 Rc5 62. Ra7 f4+ 63. gxf4 gxf4+ 64. Ke4 Rc3 0-1

[Event "BL 8283 Zähringen-Koblenz"]
[Site "?"]
[Date "1982.??.??"]
[Round "?.1"]
[White "Doncevic, D."]
[Black "Herbrechtsmeier, C."]
[Result "1/2-1/2"]
[WhiteElo "2275"]
[BlackElo "2320"]
[PlyCount "104"]
[EventDate "1982.??.??"]

1. e4 e5 2. Nf3 Nc6 3. Bb5 a6 4. Ba4 Nf6 5. O-O Be7 6. Bxc6 dxc6 7. d3 Nd7 8.
Nbd2 O-O 9. Nc4 f6 10. Nh4 Nc5 11. Qf3 Ne6 12. Nf5 Nd4 13. Nxd4 Qxd4 14. Be3
Qd8 15. Qg3 Be6 16. Nd2 Bd6 17. Kh1 Qe8 18. f4 Qg6 19. f5 Qxg3 20. hxg3 Bf7 21.
g4 h6 22. Rf3 Rfd8 23. Rh3 Rd7 24. Kg1 Kf8 25. Kf1 Ke8 26. Ke2 Bf8 27. Bf2 a5
28. a4 c5 29. b3 b6 30. Nc4 Bxc4 31. bxc4 Ke7 32. Be1 Kd6 33. Bc3 Rdd8 34. Kf3
Ke7 35. Rb1 Kf7 36. Bd2 Rd7 37. Rhh1 Rdd8 38. Rb3 Rd7 39. Kg3 Rad8 40. Kh4 Ra8
41. Kh5 Bd6 42. Rf1 Rdd8 43. Kh4 Rg8 44. Kg3 Rgd8 45. Rh1 Bf8 46. Kf3 Rd7 47.
Rbb1 Rad8 48. Be3 Ra8 49. Rb3 Rad8 50. Rb5 Ra8 51. Rb2 Rad8 52. Rbb1 Ra8
1/2-1/2

[Event "BL 8283 Zähringen-Koblenz"]
[Site "?"]
[Date "1982.??.??"]
[Round "?.3"]
[White "Wolf, V."]
[Black "Raupp, T."]
[Result "1/2-1/2"]
[WhiteElo "2245"]
[BlackElo "2245"]
[PlyCount "107"]
[EventDate "1982.??.??"]

1. d4 d5 2. c4 e6 3. Nc3 Be7 4. Nf3 Nf6 5. Bg5 O-O 6. e3 h6 7. Bxf6 Bxf6 8. Qd2
b6 9. cxd5 exd5 10. Rd1 Nc6 11. Be2 Ne7 12. O-O Be6 13. b4 c6 14. Rc1 Rc8 15.
Na4 Qd7 16. Nb2 Qd6 17. Nd3 Ng6 18. Rc2 Rc7 19. Rfc1 Rfc8 20. h3 Bf5 21. Nh2
Be7 22. Bg4 Qe6 23. b5 Bxg4 24. Nxg4 Ba3 25. Rb1 cxb5 26. Rxc7 Rxc7 27. Rxb5
Qc6 28. Rb3 Bd6 29. g3 Qc2 30. Rb2 Qxd2 31. Rxd2 Kf8 32. Nh2 Ke8 33. Kf1 Rc3
34. Ke2 Kd7 35. Nf3 f6 36. g4 Ne7 37. Nfe1 b5 38. Rc2 Rc4 39. Nb2 Rxc2+ 40.
Nxc2 a5 41. f3 Kc6 42. e4 b4 43. Ne3 Bf4 44. Nxd5 Nxd5 45. exd5+ Kxd5 46. Kd3
Bb8 47. Nc4 Bc7 48. Ne3+ Ke6 49. Kc4 g6 50. Nd5 Bd6 51. Nb6 Bc7 52. Na4 f5 53.
Nc5+ Kf6 54. d5 1/2-1/2

[Event "BL 8283 Zähringen-Koblenz"]
[Site "?"]
[Date "1982.??.??"]
[Round "?.4"]
[White "Bassler, M."]
[Black "Heimerl, L."]
[Result "1-0"]
[WhiteElo "2235"]
[BlackElo "2215"]
[PlyCount "167"]
[EventDate "1982.??.??"]

1. Nf3 Nf6 2. g3 d5 3. Bg2 c6 4. d3 Bf5 5. Nbd2 h6 6. b3 e6 7. Bb2 Be7 8. O-O
O-O 9. e3 Nbd7 10. Qe2 Bh7 11. e4 a5 12. a4 Nc5 13. e5 Ne8 14. Nd4 Na6 15. Kh1
Nb4 16. Rac1 Na2 17. Rcd1 Nb4 18. Nb1 Nc7 19. Na3 Qd7 20. f4 c5 21. Ndb5 Nxb5
22. Nxb5 d4 23. g4 Nd5 24. Bc1 Rae8 25. g5 Bf5 26. Qh5 hxg5 27. fxg5 Rc8 28.
Rf3 g6 29. Qh4 Rfd8 30. Bh3 Bf8 31. Re1 Rc6 32. Kg1 b6 33. Bg4 Bg7 34. Rh3 Bxg4
35. Qxg4 Ne7 36. Nd6 Rxd6 37. exd6 Qxd6 38. Rf3 Nf5 39. h4 Ne3 40. Bxe3 dxe3
41. Re2 Qd4 42. Rf4 Qa1+ 43. Kg2 Rd4 44. Qf3 Qd1 45. Re4 Rxe4 46. dxe4 Bd4 47.
Qf1 Qxf1+ 48. Kxf1 Kf8 49. Rh2 Be5 50. Rh3 Bf4 51. e5 Ke7 52. Rf3 Bxe5 53. Rxe3
Bd4 54. Rh3 c4 55. bxc4 Bc5 56. Rf3 Ke8 57. Ke2 Kf8 58. Kd3 Ke7 59. Ke4 Ke8 60.
Rh3 Kf8 61. Ke5 Ke7 62. h5 gxh5 63. Rxh5 Bb4 64. Rh7 Bc3+ 65. Ke4 Ke8 66. g6
fxg6 67. Rb7 g5 68. Rxb6 Kd7 69. Rb3 Bf6 70. Rb5 Bd8 71. c5 Kc6 72. Rb8 Bc7 73.
Rg8 Kxc5 74. Rxg5+ Kb4 75. Rb5+ Kxa4 76. Rb7 Bh2 77. c4 Ka3 78. c5 a4 79. c6
Ka2 80. Kd3 a3 81. Kc2 Bd6 82. c7 Bxc7 83. Rxc7 Ka1 84. Rc3 1-0